000 00823nam a2200253Ia 4500
003 OSt
005 20220923215031.0
006 a|||||r|||| 00| 0
007 ta
008 220922b |||||||| |||| 00| 0 hin d
024 _a175,075
037 _cTextual
040 _aARTS
_cARTS
_bhin
041 _2hin
_ahin
082 _aO152:g, J2
100 _aद्वीवेदी, हजारी प्रसाद
245 0 _aहिन्दी साहित्यः उद्भव और विकास
246 _aHindī sāhityah udbhav aur vikāsa
260 _c1952
300 _a501पृ.
_ccm.
650 _aहिन्दी साहित्य
_9156264
942 _hO152:g, J2
_cTEXL
_2CC
999 _c328779
_d328779